Classical mechanics (Record no. 358389)

MARC details
000 -LEADER
fixed length control field 00460 a2200181 4500
005 - DATE & TIME
control field 20250201155912.0
008 - FIXED-LENGTH DATA ELEMENTS--GENERAL INFORMATION
fixed length control field 250131b |||||||| |||| 00| 0 eng d
020 ## - ISBN
International Standard Book Number 9788123918969
Price Rs. 295.00
040 ## - CATALOGING SOURCE
Original cataloging agency VIVEKANANDA LIBRARY
082 ## - DDC NUMBER
Classification number 531
Book Number S98C
100 ## - MAIN ENTRY--PERSONAL NAME
Personal name Saxena, A K
245 ## - TITLE STATEMENT
Title Classical mechanics
260 ## - PUBLICATION, DISTRIBUTION, ETC. (IMPRINT)
Name of publisher, distributor, etc CBS Publishers and Distributors
Date of publication, distribution, etc 2016
Place of publication, distribution, etc New Delhi
300 ## - PHYSICAL DESCRIPTION
Pages x, 317
650 ## - Subject
Subject Physics
650 ## - Subject
Subject Classical Mechanics
942 ## - ADDED ENTRY ELEMENTS (KOHA)
Koha item type Books
Holdings
Withdrawn status Lost status Source of classification or shelving scheme Damaged status Not for loan Location (home branch) Sublocation or collection (holding branch) Shelving location Date acquired Koha issues (times borrowed) Koha full call number Accession No. Koha date last seen Koha item type
    Dewey Decimal Classification     VIVEKANANDA LIBRARY VIVEKANANDA LIBRARY Vivekananda Library 09/01/2025   531 S98C 436320 09/01/2025 Books
    Dewey Decimal Classification     VIVEKANANDA LIBRARY VIVEKANANDA LIBRARY Vivekananda Library 09/01/2025   531 S98C 436322 09/01/2025 Books
    Dewey Decimal Classification     VIVEKANANDA LIBRARY VIVEKANANDA LIBRARY Vivekananda Library 09/01/2025   531 S98C 436321 09/01/2025 Books
© Designed and Maintained by Vivekananda Library, MDU Rohtak